The wrath of nations : civilization and the furies of nationalism

Αποθηκεύτηκε σε:
Λεπτομέρειες βιβλιογραφικής εγγραφής
Κύριος συγγραφέας: Pfaff, William, 1928-2015
Μορφή: Βιβλίο
Γλώσσα:English
Δημοσίευση: New York : Simon & Schuster, 1993.
Θέματα:
Ετικέτες: Προσθήκη ετικέτας
Δεν υπάρχουν, Καταχωρήστε ετικέτα πρώτοι!

MARC

LEADER 00000cam a2200000 a 4500
001 1/113902
008 170512s1993####nyu| ||| |||| ||eng||
020 |a 0671728296  
040 |a GR-MyUa  |b gre  |c GR-MyUa  |e AACR2 
041 0 |a eng 
082 7 |a 320.54   |2 (23) 
100 1 |a Pfaff, William,   |d 1928-2015. 
245 1 4 |a The wrath of nations :   |b civilization and the furies of nationalism /   |c William Pfaff.  
260 |a New York :   |b Simon & Schuster,   |c 1993.  
300 |a 256 σ.   |c 24 εκ.  
504 |a Περιλαμβάνει βιβλιογραφία και ευρετήριο.  
650 0 |a Nationalism 
650 0 |a Violence. 
852 |a INST  |b LESVOS  |e 20170512  |h 320.54 PFA  |p 005100059198  |q 005100059198  |t BK  |y 0 
970 |a Τζαφέρη  |b Ευαγγελία  |z 12-05-2017